[Event "Niteroi op 2nd"]
[Site "Niteroi"]
[Date "2022.09.01"]
[Round "1"]
[White "De Siqueira, Luigy Lira"]
[Black "De Araujo, Claudio Torres"]
[Result "1-0"]
[WhiteElo "1969"]
[BlackElo "1800"]
[PlyCount "53"]
[EventDate "2022.09.01"]
[EventType "swiss"]
[EventRounds "9"]
[EventCountry "BRA"]
[SourceTitle "CBM 210 Extra"]
[Source "ChessBase"]
[SourceDate "2022.11.30"]
[SourceVersion "1"]
[SourceVersionDate "2022.11.30"]
[SourceQuality "1"]

1. e4 c5 2. Nf3 e6 3. d4 cxd4 4. Nxd4 a6 5. Bd3 Qc7 6. 0-0 Nc6 7. Nxc6 bxc6 8. c4 Nf6 9. Nc3 Be7 10. Qe2 d6 11. f4 0-0 12. e5 Nd7 13. exd6 Bxd6 14. Ne4 Be7 15. Be3 c5 16. Bd2 Bb7 17. Bc3 Bxe4 18. Qxe4 g6 19. f5 e5 20. fxg6 hxg6 21. Rxf7 Rxf7 22. Qxa8+ Bf8 23. Bxg6 Rf6 24. Qd5+ Kg7 25. Be8 Bd6 26. Bxd7 Qxd7 27. Bxe5 1-0